Очистка стоков хлебопромышленных предприятий методом фотолитической деструкции с помощью УФ облучения; Экология и безопасность в техносфере: современные проблемы и пути решения; Т. 1

Бібліографічні деталі
Parent link:Экология и безопасность в техносфере: современные проблемы и пути решения: сборник трудов Всероссийской научно-практической конференции молодых ученых, аспирантов и студентов, Юрга, 5-6 ноября 2015 г./ Национальный исследовательский Томский политехнический университет (ТПУ), Юргинский технологический институт (ЮТИ) ; под ред. Д. А. Чинахова.— , 2015
Т. 1.— 2015.— [С. 256-258]
Автор: Якутова В. А.
Співавтор: Национальный исследовательский Томский политехнический университет (ТПУ) Юргинский технологический институт (филиал) (ЮТИ) Кафедра безопасности жизнедеятельности, экологии и физического воспитания (БЖДЭФВ)
Інші автори: Торосян В. Ф. Вера Фёдоровна (научный руководитель)
Резюме:Заглавие с титульного экрана
Мова:Російська
Опубліковано: 2015
Серія:Экологическая и техногенная безопасность
Предмети:
Онлайн доступ:http://earchive.tpu.ru/handle/11683/15174
http://www.lib.tpu.ru/fulltext/c/2015/C52/V1/079.pdf
Формат: Електронний ресурс Частина з книги
KOHA link:https://koha.lib.tpu.ru/cgi-bin/koha/opac-detail.pl?biblionumber=616936

MARC

LEADER 00000naa2a2200000 4500
001 616936
005 20231102023636.0
035 |a (RuTPU)RU\TPU\conf\15192 
035 |a RU\TPU\conf\15190 
090 |a 616936 
100 |a 20160127d2015 k y0rusy50 ca 
101 0 |a rus 
102 |a RU 
105 |a y z 101zy 
135 |a drgn ---uucaa 
181 0 |a i  
182 0 |a b 
200 1 |a Очистка стоков хлебопромышленных предприятий методом фотолитической деструкции с помощью УФ облучения  |f В. А. Якутова  |g науч. рук. В. Ф. Торосян 
203 |a Текст  |c электронный 
225 1 |a Экологическая и техногенная безопасность 
230 |a 1 компьютерный файл (pdf; 244 Kb) 
300 |a Заглавие с титульного экрана 
320 |a [Библиогр.: с. 258 (3 назв.)] 
337 |a Adobe Reader 
461 1 |0 (RuTPU)RU\TPU\conf\14041  |t Экология и безопасность в техносфере: современные проблемы и пути решения  |o сборник трудов Всероссийской научно-практической конференции молодых ученых, аспирантов и студентов, Юрга, 5-6 ноября 2015 г.  |o в 2 т.  |f Национальный исследовательский Томский политехнический университет (ТПУ), Юргинский технологический институт (ЮТИ) ; под ред. Д. А. Чинахова  |d 2015 
463 0 |0 (RuTPU)RU\TPU\conf\14042  |t Т. 1  |v [С. 256-258]  |d 2015 
610 1 |a труды учёных ТПУ 
610 1 |a электронный ресурс 
610 1 |a очистка 
610 1 |a стоки 
610 1 |a хлебопекарные предприятия 
610 1 |a деструкция 
610 1 |a УФ-облучение 
700 1 |a Якутова  |b В. А. 
702 1 |a Торосян  |b В. Ф.  |c специалист в области экологии и безопасности жизнедеятельности  |c доцент Юргинского технологического института (филиала) Томского политехнического университета, кандидат педагогических наук  |f 1956-  |g Вера Фёдоровна  |2 stltpush  |4 727  |9 10749 
712 0 2 |a Национальный исследовательский Томский политехнический университет (ТПУ)  |b Юргинский технологический институт (филиал) (ЮТИ)  |b Кафедра безопасности жизнедеятельности, экологии и физического воспитания (БЖДЭФВ)  |h 2240  |2 stltpush  |3 (RuTPU)RU\TPU\col\18930 
801 2 |a RU  |b 63413507  |c 20210211  |g RCR 
856 4 |u http://earchive.tpu.ru/handle/11683/15174 
856 4 |u http://www.lib.tpu.ru/fulltext/c/2015/C52/V1/079.pdf 
942 |c BK